Groupes et anneaux réticulés

Guardado en:
Detalles Bibliográficos
Autores principales: Bigard, Alain (Autor), Keimel, Klaus (Autor), Wolfenstein, Samuel (Autor)
Formato: Libro
Lenguaje:francés
Publicado: Berlín Springer-Verlag 1977
Colección:Lecture Notes in Mathematics, 608
Materias:
Etiquetas: Agregar Etiqueta
Sin Etiquetas, Sea el primero en etiquetar este registro!

MARC

LEADER 00000nam a2200000 a 4500
001 UCQ8967
003 CL-VaPUC
008 981217e19770000GW |||||||||||||||||fre|d
082 0 4 |a 512.2  |b BIG  |2 21 
100 0 |a Bigard, Alain  |e author  |9 423313 
700 0 |a Keimel, Klaus  |e author  |9 423314 
700 0 |a Wolfenstein, Samuel  |e author  |9 423315 
245 1 0 |a Groupes et anneaux réticulés 
300 |a 334 p 
942 |c BK 
945 |d 19981217 00:00:00  |a crobeson 
260 |a Berlín  |b Springer-Verlag  |c 1977 
650 0 |a Teoría de grupos   |9 270028 
650 0 |a Anillos  |9 374316 
650 7 |a RETICULOS  |2 CL-VaPUC  |9 423316 
650 0 |a Estructuras algebraicas  |9 422373 
650 0 |a Representaciones de grupos   |9 417402 
583 |a last modification  |c 19981217 00:00:00  |k Rodrigo Vera 
490 0 |a Lecture Notes in Mathematics, 608 
999 |c 278131  |d 278129 
952 |0 0  |1 0  |4 0  |6 512_200000000000000_BIG_1977  |7 0  |8 A  |9 316510  |a BIBMAT  |b BIBMAT  |d 2019-11-20  |i 1310526  |o 512.2 BIG 1977  |p 1310526  |r 2025-01-07  |w 2019-11-20  |y BK  |k MAT